00610 a2200169 45000010006000000050017000060080041000230030015000640400040000790800074001192450021001932500012002142640056002263000027002825050102003091000029004111962920260407155500.0260407a1977 arg spa dAR-UNSa-BCEJYS aAR-UNSa-BCEJYSbspacAR-UNSa-BCEJYS a347.93xFormalidades del proceso. Examen judicial. Audiencia (Juicio)10aJuicio ejecutivo a2a. ed. 1aLa Plata :bLEP (Librería Editora Platense)c1977 axxviii, 360 p.c23 cm. a1. Disposiciones generales - 2. Embargo y excepciones - 3. Cumplimiento de la sentencia de remate1 aBustos Berrondo, Horacio